| 000 | 00445nam a2200157 4500 | ||
|---|---|---|---|
| 001 | 42513 | ||
| 090 | _a42513 | ||
| 100 | _a20240110 pory50 | ||
| 101 | _apor | ||
| 102 | _aPT | ||
| 200 |
_aDuna _eo romance gráfico _fFrank Herbert _fadap. Brian Herbert , Kevin J. Andersen ; il. Raúl Allén , Patricia Martín _gtrad. Jorge Candeias |
||
| 210 | _cRelógio d' Água | ||
| 215 | _a162, [5] p. | ||
| 675 | _a82-9 | ||
| 801 |
_aPT _gRPC |
||
| 990 | _cLIVROS | ||